Dopasuj powiat do gminy - Statystyki

Ogólne statystyki
  • Ten quiz został rozwiązany 18 razy
  • Średni wynik to 10 z 17
Statystyki odpowiedzi
Gmina Powiat % Poprawnych
Stare Miasto koniński
77%
Andrespol łódzki wschodni
77%
Pacyna gostyniński
69%
Brzyska jasielski
69%
Nowiny kielecki
69%
Laskowa limanowski
69%
Branice głubczycki
62%
Wielkie Oczy lubaczowski
62%
Jednorożec przasnyski
62%
Ruja legnicki
54%
Parchowo bytowski
46%
Białopole chełmski
46%
Platerówka lubański
46%
Zwierzyn strzelecko-drezdenecki
46%
Pozezdrze węgorzewski
46%
Nowe Piekuty wysokomazowiecki
46%
Rzeczniów lipski
31%
Nie znaleziono quizów pasujących do podanych kryteriów
Rozkład punktacji
Procent ludzi z każdym wynikiem
Percentyl według liczby udzielonych odpowiedzi
Twoja historia wyników
Nie rozwiązałeś tego quizu